000 00694nam a2200229Ia 4500
005 20260429111935.0
008 260429s9999||||xx |||||||||||||| ||und||
020 _a9788173047268
041 _aEnglish
082 _a291.095
_bRAY
100 _aRay, Himanshu Prabha
245 0 _aSacred landscapes in Asia :
_bshared traditions, multiple histories /
_cHimanshu Prabha Ray
250 _a1st ed.
260 _aNew Delhi :
_bManohar Publishers and Distributors,
_c2007.
300 _axi, 396 p.; hb
650 _a Asia-Cultural history
650 _a Pilgrimage studies
650 _a Religious landscapes
650 _aSacred geography
700 _a Vatsyayan, Kapila
942 _cTB
999 _c51535
_d51535